El Artículo 645 del Código Civil y Comercial de la Nación y la autorización parental al hijo para ingresar a las Fuerzas Armadas (Registro nro. 24221)

Detalles MARC
000 -LEADER
fixed length control field 00453 a2200121 4500
001 - CONTROL NUMBER
control field ART_42497
005 - DATE AND TIME OF LATEST TRANSACTION
control field 20260410161842.0
008 - FIXED-LENGTH DATA ELEMENTS--GENERAL INFORMATION
fixed length control field 260409a
100 1# - MAIN ENTRY--PERSONAL NAME
Personal name Torres, Ismael F.
245 10 - TITLE STATEMENT
Title El Artículo 645 del Código Civil y Comercial de la Nación y la autorización parental al hijo para ingresar a las Fuerzas Armadas
700 1# - ADDED ENTRY--PERSONAL NAME
Personal name Furia de Torres, Lilian Alicia G.
773 0# - HOST ITEM ENTRY
Title RAP
Related parts - Año 39, Nº 464 (mayo 2017)
Record control number REV5941

No hay ítems disponibles.